Movie Posters XII Quiz Stats

Quiz Updated Jun 22, 2017

Also try: Movies Bunker
Challenge
Share
Tweet
Score 0/24 Timer 06:00
2 Plays Today
% Correct
The Devil Wears Prada
92.1%
Wall-E
88.5%
Space Jam
82.3%
How to Train Your Dragon
79.4%
Liar Liar
77.1%
Good Will Hunting
77%
The Parent Trap
75.2%
Sleepless in Seattle
74%
Daddy Day Care
70.7%
Les Misérables
69.6%
Hot Fuzz
66.6%
Bad Boys II
65.2%
% Correct
Django Unchained
62.6%
The Hobbit: An Unexpected Journey
61.4%
Enchanted
58.6%
The Departed
57.9%
Annie Hall
38.9%
Ides of March
33.1%
Zodiac
30.8%
Half Baked
27%
Argo
24.9%
Willow
23.2%
Barbarella
21.4%
Rosemary's Baby
19.1%

You're not logged in!

Compare scores with friends on all Sporcle quizzes.
Sign Up with Email
OR
Log In

You Might Also Like...

Show Comments

Extras

Top Quizzes Today


Score Distribution

Your Account Isn't Verified!

In order to create a playlist on Sporcle, you need to verify the email address you used during registration. Go to your Sporcle Settings to finish the process.

Report this User

Report this user for behavior that violates our Community Guidelines.

Details: